| 000 | 00427 a2200121 4500 | ||
|---|---|---|---|
| 999 |
_c28757 _d28757 |
||
| 003 | NUST | ||
| 005 | 20180117111430.0 | ||
| 008 | 180117b xxu||||| |||| 00| 0 eng d | ||
| 040 | _cNUST | ||
| 082 | _a510 | ||
| 100 | 1 |
_aBluman , Stephen C. Anco George W. _98494 |
|
| 245 | 1 | 0 |
_aSymmetry and integration methods for differential equations by george W. bluman , stephen C. anco B01_0336 / _cStephen C. Anco George W. Bluman |
| 260 |
_a[S.l.] : _bSpringer, _c2002. |
||
| 300 | _a1 v. (unpaged) | ||
| 500 | _aPaperback. | ||
| 942 |
_aSNS _cBK _k515.35 BLU _2ddc |
||